Girls. The complete second season /

A scripted half-hour series focuses on a group of 20-something's in NYC. Season Two episodes, Hannah forges ahead in her writing pursuits, but her enthusiasm is tempered by the responsibility for Adam; Marnie needs her best friend and former roommate; Jessa returns from her honeymoon in Mexico;...

Full description

Bibliographic Details
Uniform Title:Girls (Television program).
Corporate Authors: Home Box Office (Firm), HBO Home Entertainment (Firm), Warner Home Video (Firm)
Other Authors: Dunham, Lena, 1986-, Williams, Allison, 1988-, Driver, Adam, Kirke, Jemima, Mamet, Zosia, 1988-, Karpovsky, Alex
Format: Video Blu-ray Disc
Language:English
French
Spanish
Language Notes:English, French, and Spanish dialogues; English subtitled for the deaf and hard of hearing; French, Spanish, Danish, Norwegian, Swedish, Finnish subtitles.
Published: [United States] : Burbank, Calif. : Home Box Office, Inc ; Warner Home Video, [2013]
Subjects:

MARC

Tag First Indicator Second Indicator Subfields
LEADER 00000cgm a2200000Ia 4500
001 in00003400021
005 20151206081903.0
007 vd csaizq
008 130801s2013 xxu300 vleng d
024 1 |a 883929319299 
028 4 2 |a 4000040779  |b HBO Home Entertainment (container) 
028 4 2 |a 2000083855  |b HBO Home Entertainment (disc 1) 
028 4 2 |a 2000083856  |b HBO Home Entertainment (disc 2) 
035 |a (OCoLC)ocn854877492 
035 |a (OCoLC)854877492 
037 |b Midwest Tape  |n http://www.midwesttapes.com 
040 |a TEFMT  |c TEFMT  |d TEF  |d TXA  |d UtOrBLW 
041 1 |a eng  |a fre  |a spa  |j dan  |j fin  |j fre  |j nor  |j spa  |j swe  |h eng 
043 |a n-us-ny 
049 |a TXAM 
050 4 |a PN1992.77  |b .G57 2013 
082 0 4 |a 791.45/75  |2 23 
090 |a PN1992.77.G585  |b G572 2013b 
130 0 |a Girls (Television program).  |n Season 2. 
245 1 0 |a Girls.  |n The complete second season /  |c HBO Home Entertainment presents ; created by Lena Dunham. 
246 3 |a Girls.  |n Season 2 
264 1 |a [United States] :  |b Home Box Office, Inc ;  |a Burbank, Calif. :  |b Warner Home Video,  |c [2013] 
264 4 |c ©2013 
300 |a 2 videodiscs (300 min.) :  |b sound, color ;  |c 4 3/4 in. 
336 |a two-dimensional moving image  |b tdi  |2 rdacontent 
337 |a video  |b v  |2 rdamedia 
338 |a videodisc  |b vd  |2 rdacarrier 
538 |a Blu-ray disc; region A; 1080p High Definition widescreen (16:9, 1.78) presentation; English DTS-HD master audio, French DTS digital surround 5.1, Spanish DTS digital surround 2.0; requires Blu-ray player. 
546 |a English, French, and Spanish dialogues; English subtitled for the deaf and hard of hearing; French, Spanish, Danish, Norwegian, Swedish, Finnish subtitles. 
500 |a Title from container. 
511 1 |a Lena Dunham, Allison Williams, Adam Driver, Jemima Kirke, Zosia Mamet, Alex Karpovsky. 
500 |a Originally broadcast on television as individual episodes. 
521 8 |a Rating: TV-MA  |a CHV rating: 14A. 
520 |a A scripted half-hour series focuses on a group of 20-something's in NYC. Season Two episodes, Hannah forges ahead in her writing pursuits, but her enthusiasm is tempered by the responsibility for Adam; Marnie needs her best friend and former roommate; Jessa returns from her honeymoon in Mexico; Shoshanna takes charge of her new identity; and Ray has an out-of-sight, out-of-mind attitude. 
505 0 0 |g disc 1, episodes 1.  |t It's about time /  |r written by Lena Dunham & Jenni Konner ; directed by Lena Dunham --  |g episode 2.  |t I get ideas /  |r written by Jenni Konner ; directed by Lena Dunham --  |g episode 3.  |t Bad friend /  |r written by Lena Dunham & Sarah Hayward ; directed by Jesse Peretz --  |g episode 4. It's a shame about Ray /  |r written by Lena Dunham ; directed by Jesse Peretz --  |g episode 5.  |t One man's trash /  |r written by Lena Dunham ; directed by Richard Shepard --  |t disc 2, episode 6.  |t Boys /  |r written by Murray Miller ; directed by Claudia Weill --  |g episode 7.  |t Video games /  |r written by Bruce Eric Kaplan ; directed by Richard Shepard --  |g episode 8.  |t It's back /  |r written by Lena Dunham & Steve Rubinshteyn & Deborah Schoeneman --  |g episode 9.  |t On all fours /  |r written by Lena Dunham & Jenni Konner ; directed by Lena Dunham --  |g episode 10.  |t Together /  |r written by Judd Apatow & Lena Dunham ; directed by Lena Dunham. 
500 |a Special features: Deleted & extended scenes; Episode 5 table read; Charlie Rose interview with Lena Dunham; inside the episodes; The New Yorker festival 2012: Emily Nussbaum interviews Lena Dunham; The making of Girls; audio commeitaries; gag real; guys on Girls; Judy Collins "Songs for Judith (Open the door)" &"Someday soon" extended scenes; The swell season (with special guest Daniel Johnson) - "Life in vain" - Austin City limits, 2008. 
500 |a Videorecording. 
650 0 |a Young women  |z New York (State)  |z New York  |v Drama. 
650 0 |a Single women  |z New York (State)  |z New York  |v Drama. 
650 0 |a Man-woman relationships  |z New York (State)  |z New York  |v Drama. 
650 0 |a Female friendship  |z New York (State)  |z New York  |v Drama. 
655 7 |a Television comedies.  |2 lcgft 
655 7 |a Fiction television programs.  |2 lcgft 
655 7 |a Television series.  |2 lcgft 
655 7 |a Video recordings for the hearing impaired.  |2 lcgft 
700 1 |a Dunham, Lena,  |d 1986- 
700 1 |a Williams, Allison,  |d 1988- 
700 1 |a Driver, Adam. 
700 1 |a Kirke, Jemima. 
700 1 |a Mamet, Zosia,  |d 1988- 
700 1 |a Karpovsky, Alex. 
710 2 |a Home Box Office (Firm) 
710 2 |a HBO Home Entertainment (Firm) 
710 2 |a Warner Home Video (Firm) 
994 |a C0  |b TXA 
948 |a cataloged  |b h  |c 2013/8/21  |d c  |e blrosas  |f 2:21:18 pm 
999 |a MARS 
999 f f |s 43a9863c-4db8-3a91-90df-3b5e012dd38d  |i 94298036-264f-300d-a445-1573dc02a953  |t 0 
952 f f |p dvd  |a Texas A&M University  |b College Station  |c Sterling C. Evans Library  |d Evans: Media and Reserves (Annex 1st floor)  |t 0  |e PN1992.77.G585 G572 2013b  |h Library of Congress classification  |i video -- videodisc  |m A14841946354 
998 f f |a PN1992.77.G585 G572 2013b  |t 0  |l Evans: Media and Reserves (Annex 1st floor)